Un joueur par équipe de Série A (2023-2024) - Statistiques

Statistiques générales
  • Ce quiz a été pris 97 fois
  • Le résultat moyen est 12 sur 20
Statistiques - réponses
Hint Réponse % Correct
Milieu de terrain de JUVENTUS TURIN Manuel LOCATELLI
86%
Défenseur de NAPLES Giovanni DI LORENZO
85%
Milieu de terrain de INTER MILAN Henrikh MKHITARYAN
85%
Milieu de terrain de AS ROMA Leandro PAREDES
83%
Milieu de terrain de MILAN AC Tijjani REIJNDERS
79%
Milieu de terrain de ATALANTA BERGAME Mario PASALIC
78%
Milieu de terrain de la FIORENTINA Giacomo BONAVENTURA
73%
Milieu de terrain de LAZIO ROME Mattia ZACCAGNI
68%
Gardien de but de TORINO Vanja MILINKOVIC-SAVIC
68%
Attaquant de BOLOGNE Joshua ZIRKZEE
67%
Milieu de terrain de MONZA Matteo PESSINA
59%
Milieu de terrain de SALERNITANA Antonio CANDREVA
58%
Attaquant de SASSUOLO Andrea PINAMONTI
54%
Attaquant de FROSINONE Matias SOULE
53%
Attaquant du GENOA Albert GUDMUNDSSON
47%
Gardien de but de LECCE Wladimiro FALCONE
46%
Défenseur de EMPOLI Sebastiano LUPERTO
41%
Milieu de terrain de HELLAS VERONE Michael FOLORUNSHO
35%
Défenseur de UDINESE Nehuen PEREZ
33%
Défenseur de CAGLIARI Alberto DOSSENA
23%
Aucun quiz correspondant
Distribution des résultats
% des personnes avec chaque résultat
Percentile par nombre de réponses
Votre historique - résultats
Vous n’avez pas pris ce quiz